000 02097nam a2200541 i 4500
001 25908
003 KOSZ 005
005 20200903142103.0
008 200825s1973 pl a f 000 0 pol
015 _aUWD B 1973/46
035 _a991034724989705066
035 _a(PL-WaBN)b19345653-48omnis_nlop
035 _ab19345653
035 _a(OCoLC)838889160
035 _a(PL)b0000001934565
035 _a(EXLNZ-48OMNIS_NETWORK)9910103550605606
040 _aWA N
_cWA N
_dKOSZ 005/RW
046 _k1972
080 _a621.315.5
100 1 _aBekisz, Jan
_eAutor
245 1 0 _aZjawisko przełączania w półprzewodnikowych szkłach fosforanowych /
_cJan Bekisz, Joanna Buttler, Lech Kozłowski ; Instytut Technologii Elektronowej przy Naukowo-Produkcyjnym Centrum Półprzewodników.
260 _aWarszawa :
_b"Wema",
_c1973.
300 _a15, [1] stron :
_bilustracje ;
_c24 cm.
336 _aTekst
_btxt
_2rdacontent
337 _aBez urządzenia pośredniczącego
_bn
_2rdamedia
338 _aWolumin
_bnc
_2rdacarrier
380 _aKsiążki
380 _aPublikacje fachowe
388 1 _a1901-2000
388 1 _a1945-1989
490 1 _aPrace Instytutu Technologii Elektronowej ;
_vV, 21
504 _aBibliografia na stronie 15.
506 _aNa prawach rękopisu, do użytku wewnętrznego.
650 7 _aPółprzewodniki
650 7 _aPrzewodnictwo elektryczne
650 7 _aMateriały
650 7 _aSzkło
655 7 _aOpracowanie
658 _aInżynieria i technika
700 1 _aButtler, Joanna
_eAutor
700 1 _aKozłowski, Lech
_eAutor
710 2 _aCentrum Naukowo-Produkcyjne Półprzewodników i Mikroelektroniki.
_bInstytut Technologii Elektronowej
710 2 _aWydawnictwa Przemysłu Maszynowego "Wema"
_4pbl
830 0 _aPrace Instytutu Technologii Elektronowej CEMI
_vV, 21
856 _uhttp://koha.tu.koszalin.pl/cgi-bin/koha/opac-detail.pl?biblionumber=25908
_yKatalog online BPK
942 _2UKD
_cKS
999 _c25908
_d25908